zpět

Detail výsledku týmu

Bar U Souseda, Plzeň

Datum a čas kvízu

21 Celkem bodů Celkový počet nahraných bodů na tomto kvízu bez doplňovacích otázek.
8. Pořadí na kvízu Konečné umístění týmu na tomto kvízu.

Zaznamenané odpovědi

# Otázka Odpověď Body Výsledky
1. V maratonu sněmovních debat o... Karel Havlíček 0
2. Šéf slovenského parlamentu má... Boris Kollár, hnutí Jsme rodina 0
3. Ve čtvrtek 17. února v 17 hodi... ve Smetanových sadech 1
4. Známý šéfkuchař Přemek Forejt... McDonald’s 0
5. Jedna česká úspěšná sportovkyn... Kateřina Neumannová 0
6. Začneme v Africe. Konžské král... Zair 1
7. Kambodžské království je konst... Kampučia 0
8. Thajsko je jedinou zemí jihový... Siam, Město Andělů 1
9. Zřejmě víte, že na území dnešn... Robinson Crusoe 0
10. Vzpomenete si na jednoslovný n... Jugoslávie 1